00171nam a2200073Ia 4500008004100000100001500041245002300056260001800079170524s9999 xx 000 0 und d aTULL- D.S. 0aMARKETING RESEARCH bPHI NEW DELHI